载入...

Chila Ilakkanakkatturaikal

书目详细资料
格式: Printed Book
LEADER 00250nam a22000857a 4500
245 |a Chila Ilakkanakkatturaikal 
300 |a 92p. 
942 |c BK 
999 |c 75653  |d 75653 
952 |0 0  |1 0  |4 0  |7 0  |9 88932  |a MAL  |b MAL  |d 2017-03-27  |e TE864A  |l 0  |p MALTE000864A  |r 2017-03-27  |t 1  |w 2017-03-27  |y BK